|
|
|
|
| LEADER |
01240nam a2200337 a 4500 |
| 001 |
EBC3022240 |
| 003 |
MiAaPQ |
| 005 |
20200520144314.0 |
| 006 |
m o d | |
| 007 |
cr cn||||||||| |
| 008 |
130525s2009 nyuad sb 001 0 eng d |
| 020 |
|
|
|z 9781604567755
|
| 020 |
|
|
|a 9781612093840 (electronic bk.)
|
| 035 |
|
|
|a (MiAaPQ)EBC3022240
|
| 035 |
|
|
|a (Au-PeEL)EBL3022240
|
| 035 |
|
|
|a (CaPaEBR)ebr10698287
|
| 035 |
|
|
|a (OCoLC)923668264
|
| 040 |
|
|
|a MiAaPQ
|c MiAaPQ
|d MiAaPQ
|
| 050 |
|
4 |
|a QP360.5
|b .C64 2009
|
| 082 |
0 |
4 |
|a 664/.9420218
|2 23
|
| 245 |
0 |
0 |
|a Cognitive science compendium
|h [electronic resource] .
|n Volume 2 /
|c Miao-Kun Sun.
|
| 260 |
|
|
|a New York :
|b Nova Science Publishers, Inc.,
|c 2009.
|
| 300 |
|
|
|a 187 p. :
|b ill. (some col.)
|
| 504 |
|
|
|a Includes bibliographical references and index.
|
| 533 |
|
|
|a Electronic reproduction. Ann Arbor, MI : ProQuest, 2015. Available via World Wide Web. Access may be limited to ProQuest affiliated libraries.
|
| 650 |
|
0 |
|a Cognitive neuroscience.
|
| 650 |
|
0 |
|a Cognitive science.
|
| 655 |
|
4 |
|a Electronic books.
|
| 700 |
1 |
|
|a Sun, Miao-Kun.
|
| 710 |
2 |
|
|a ProQuest (Firm)
|
| 856 |
4 |
0 |
|u https://ebookcentral.proquest.com/lib/matrademy/detail.action?docID=3022240
|z Click to View
|